书目信息 |
| 题名: |
工业企业管理学
|
|
| 作者: | 李丽华 , 刘培森 主编 | |
| 分册: | ||
| 出版信息: | 重庆 重庆大学出版社 1994.06 |
|
| 页数: | 209页 | |
| 开本: | 16开 | |
| 丛书名: | ||
| 单 册: | ||
| 中图分类: | F406-43 | |
| 科图分类: | ||
| 主题词: | 工业经济--经济理论 | |
| 电子资源: | ||
| ISBN: | 7-5624-0855-6 | |
| 000 | 00608nam0 2200205 45 | |
| 001 | 0009021032 | |
| 005 | 20000902105626.3 | |
| 010 | @a7-5624-0855-6@d15.00元 | |
| 100 | @a20000902d1994 km y0chiy0120 ea | |
| 101 | 0 | @achi |
| 105 | @a z 000yy | |
| 200 | 1 | @a工业企业管理学@AGong Ye Qi Ye Guan Li Xue@f李丽华,刘培森主编@FLi Li Hua,Liu Pei Sen Zhu Bian |
| 210 | @a重庆@c重庆大学出版社@d1994.06 | |
| 215 | @a209页@d16开 | |
| 606 | 0 | @a工业经济@x经济理论 |
| 690 | @aF406-43@v3 | |
| 701 | 0 | @a李丽华@4主编 |
| 701 | 0 | @a刘培森@4主编 |
| 801 | @aCN@bPftUser@c20000902 | |
| 905 | @b116583-587@dF406-43@eL323@f5 | |
| 工业企业管理学/李丽华,刘培森主编.-重庆:重庆大学出版社,1994.06 |
| 209页;16开 |
| ISBN 7-5624-0855-6:15.00元 |
| ● |
| 相关链接 |
|
|
|
正题名:工业企业管理学
索取号:F406-43/L323
 
预约/预借
| 序号 | 登录号 | 条形码 | 馆藏地/架位号 | 状态 | 备注 |
| 1 | 116583 | 201165835 | 社科二线422/409社科库 33排7列5层/ [索取号:F406-43/L323] | 在馆 | |
| 2 | 116584 | 201165844 | 社科二线422/409社科库 33排7列5层/ [索取号:F406-43/L323] | 在馆 | |
| 3 | 116585 | 201165853 | 社科二线422/409社科库 33排7列5层/ [索取号:F406-43/L323] | 在馆 | |
| 4 | 116586 | 201165862 | 社科库409/409社科库 33排7列5层/ [索取号:F406-43/L323] | 在馆 | |
| 5 | 116587 | 201165871 | 社科库409/409社科库 33排7列5层/ [索取号:F406-43/L323] | 在馆 |